banner-ar

اللغة اليابانية للناطقين بالعربية / (Record no. 58132)

MARC details
000 -الفاتح
حقل البيانات ثابتة الطول 00697nam a2200205Ia 4500
005 - وقت وتاريخ اخر تعامل مع التسجيلة
رقم الضبط 20240530110035.0
008 - عناصر البيانات ثابتة الطول - معلومات عامة
حقل البيانات ثابتة الطول 140319s9999 xx 000 0 ara d
040 ## - مصدر الفهرسة
وكالة الفهرسة الأصلية GCL /
وكالة النسخ GCL
082 04 - رقم تصنيف ديوى العشرى
رقم التصنيف ط
رقم المادة 495.6
-- ش ل
100 1# - المدخل الرئيسى - إسم شخصى
الإسم الشخصى شهاب فارس
245 10 - بيان العنوان
العنوان اللغة اليابانية للناطقين بالعربية /
بيان المسئوليه,etc شهاب فارس
260 ## - PUBLICATION, DISTRIBUTION, ETC. (IMPRINT)
تاريخ النشر أو التوزيع 0
300 ## - الوصف المادى
التعداد 569 ؛
أبعاد الوعاء 32 سم
650 04 - المدخل الاضافى بالموضوع-مصطلح موضوعى
مصطلح موضوعي اللغة اليابانية
650 04 - المدخل الاضافى بالموضوع-مصطلح موضوعى
مصطلح موضوعي اللغة اليابانية - طرق وتدريس
700 ## - المدخل الاضافى - اسم شخصى
رمز الرابط كرم خليل
الإسم الشخصى مؤلف
700 ## - المدخل الاضافى - اسم شخصى
رمز الرابط طوشيوكى ابيه
الإسم الشخصى مؤلف
942 ## - عناصر المدخل الإضافي( كوها)
مصدر التصنيف او مخطط الترفيف Dewey Decimal Classification
Koha [default] item type كتاب
260 ## - PUBLICATION, DISTRIBUTION, ETC. (IMPRINT)
-- القاهرة :
-- وكالة الاهرام للتوزيع ،
Holdings
حالة التراجع حالة الفقد مصدر التصنيف او خطة الترفيف حالة تلف ليس للاعارة المكان المؤقت الموقع الحالى موقع الترفيف تاريخ الاكتساب اجمالي اﻻعارات رقم الطلب الباركود تاريخ اخر مشاهدة تاريخ تفعيل السعر نوع وعاء كوها
    ddc     مكتبة القاهرة الكبرى مكتبة القاهرة الكبرى   03/24/2022   495.6\ش ل 150251 03/26/2014 03/26/2014 كتاب
    ddc     مكتبة القاهرة الكبرى مكتبة القاهرة الكبرى   03/24/2022   495.6\ش ل 150252 03/26/2014 03/26/2014 كتاب
          مكتبة القاهرة الكبرى مكتبة القاهرة الكبرى   03/26/2014   ط\495.6\ش ل 150253 03/26/2014 03/26/2014 كتاب

Powered By

EGPV